|
|
|
|
| LEADER |
00000cas a22000004a 4500 |
| 001 |
vtls001318041 |
| 003 |
SK-MaSNL |
| 005 |
20260221124227.0 |
| 008 |
980127d1993uuuuxo u 0 0 0slo |
| 035 |
|
|
|a SNK000270575
|
| 040 |
|
|
|a SNK
|b slo
|c SNK
|e AACR2
|
| 041 |
0 |
|
|a slo
|
| 044 |
|
|
|a xo
|c SK
|
| 245 |
0 |
0 |
|a Eva
|
| 260 |
|
|
|a Bratislava
|b Obzor
|c 1993
|
| 910 |
|
|
|a snk
|
| 999 |
|
|
|c 11913
|d 13843
|
| 952 |
|
|
|0 0
|1 0
|4 0
|7 0
|a SNK
|b SNK
|d 1998-01-27
|l 0
|o snkČSB 4045/1992-1993 D1
|p 17A0120999
|r 2005-01-02 00:00:00
|w 2026-02-21
|y PREZ
|
| 952 |
|
|
|0 0
|1 0
|4 0
|7 0
|a SNK
|b SNK
|d 1998-01-27
|l 0
|o snkČSB 4045/1993-1994 D1
|p 17A0120877
|r 2005-01-02 00:00:00
|t č. 2-12/1
|w 2026-02-21
|y PREZ
|
| 952 |
|
|
|0 0
|1 0
|4 0
|7 0
|a SNK
|b SNK
|d 2002-09-10
|l 0
|o snkČSB 4045/1997 D1
|p 17A0355398
|r 2005-01-02 00:00:00
|t č. 5-12
|w 2026-02-21
|y PREZ
|
| 952 |
|
|
|0 0
|1 0
|4 0
|7 0
|a SNK
|b SNK
|d 2002-09-10
|l 0
|o snkČSB 4045/1998 D1
|p 17A0355401
|r 2005-01-02 00:00:00
|t č. 2
|w 2026-02-21
|y PREZ
|